000 01390nam a22002537a 4500
999 _c61890
_d61890
003 Ge_BSU
005 20240604110226.0
008 240604s2023 ge ||||| |||| 00| 0 geo d
020 _a9789941488863
041 _ageo
080 _a574(038) ე-49
245 _aეკოლოგიური ტერმინების ლექსიკონი /
_cშემდგენლები : ნანი ფალავანდიშვილი, ნინო კიკნაძე, გულთამზე თავდგირიძე, ლალი ჟღენტი, ნანი გვარიშვილი
264 _aბათუმი:
_bბსუ,
_c2023.
300 _a90 გვ.;
_b29 სმ.
504 _aბიბლიოგრ. გვ. 88-89
653 _aეკოლოგია
653 _aლექსიკონი
700 _aფალავანდიშვილი, ნანი
_eშემდგენელი
_922306
700 _a კიკნაძე, ნინო
_eშემდგენელი
_922307
700 _aთავდგირიძე, გულთამზე
_eშემდგენელი
_922308
700 _aჟღენტი, ლალი
_eშემდგენელი
_922309
700 _aგვარიშვილი, ნანი
_eშემდგენელი
_910293
942 _2udc
_cᲬᲘᲒᲜᲘ